| 000 | 00454nam a2200181Ia 4500 | ||
|---|---|---|---|
| 008 | 230524s9999 xx 000 0 und d | ||
| 020 | _a0074624717 | ||
| 082 |
_a4 _bJEA |
||
| 100 | _aJean Paul Trembly | ||
| 245 | 3 | _aAn Introduction to Data Structures with Application | |
| 250 | _a26TH | ||
| 260 |
_aNEW DELHI _bTMH _c2003 |
||
| 300 | _aXVI;861 | ||
| 500 | _aQuantity Number: 59 | ||
| 650 | _aComp-Sc | ||
| 700 | _a Paul G. Sorenson | ||
| 942 | _cBK | ||
| 999 |
_c3990 _d3990 |
||